000 01035cam a2200325 a 4500
005 20260322212024.0
008 data
010 _a 93223377
020 _a0806124822 (pbk.)
020 _a9780806124827 (pbk.)
040 _aAzFU
_cAzFU
_dDLC
_dDLC
042 _alccopycat
043 _an-usp--
050 0 0 _aF596
_b.M3 1993
082 0 0 _a978
_220
092 _a978 M3 1993
100 1 _aMarriott, Alice,
_d1910-1992.
245 1 0 _aHell on horses and women /
_cAlice Marriott.
260 _aNorman :
_bUniversity of Oklahoma Press,
_c1993.
300 _axii, 290 p. :
_bill. ;
_c23 cm.
500 _aCover title: Hell on horses & women.
500 _a1993 reprint of the 1953 ed. with new foreword including bibliographical essay.
504 _aIncludes bibliographical references (p. 281-283).
650 0 _aRanch life
_zWest (U.S.)
650 0 _aRanchers' spouses
_zWest (U.S.)
650 0 _aRural women
_zWest (U.S.)
651 0 _aWest (U.S.)
_xSocial life and customs.
740 0 _aHell on horses & women.
001 data
999 _c535
_d535